| 000 | 00835nam a2200253 a 4500 | ||
|---|---|---|---|
| 008 | 960406s1986||||[C 0 slo c | ||
| 020 | _c13 Kčs. | ||
| 040 |
_aSNK _bslo _cSNK _eAACR2 |
||
| 041 | 1 | _aslo | |
| 080 | _a908.437.6:551.44(083.9)=00 | ||
| 080 | _a551.44(083.9)=00 | ||
| 080 | _a551.44 | ||
| 245 | 1 | 0 | _aKlenotnice podzemia ; Anton Lucinkiewicz, Marián Mendrej, Miroslav Eliáš |
| 250 | _a1., vyd. | ||
| 260 |
_aLiptovský Mikuláš _aS.l. _bOsveta _c1986 _eMartin _fTlačiarne SNP |
||
| 300 |
_a48 s. _c21x21 cm. |
||
| 500 | _aKatalóg. Text aj rus., nem., angl., maď. | ||
| 500 | _aText a graf. úpr. Anton Lucinkiewicz. Fot. Marián Mendrej, Miroslav Eliáš. | ||
| 700 | 1 |
_aLucinkiewicz, Anton _4oth |
|
| 700 | 1 |
_aMendrej, Marián _4oth |
|
| 700 | 1 |
_aEliáš, Miroslav _4oth |
|
| 044 |
_axo _cSK |
||
| 958 | _aEKI | ||
| 999 |
_c19686 _d19686 |
||